Cấp thoát nước

Trình bày những kiến thức về cấp thoát nước gồm: Nhu cầu dùng nước và nguồn nước, công trình thu nước, thiết bị và công trình phổ biến trong hệ thống cấp nước, hệ thống cấp nước cho khu vực, hệ thống thoát nước, xử lý nướ...

Cijeli opis

Spremljeno u:
Bibliografski detalji
Glavni autor: Nguyễn Thống
Format: Knjiga
Jezik:Vietnamese
Izdano: H. Xây dựng 2014
Izdanje:Tái bản có sửa chữa bổ sung
Teme:
Oznake: Dodaj oznaku
Bez oznaka, Budi prvi tko označuje ovaj zapis!
Thư viện lưu trữ: Thư viện Trường Đại học Nam Cần Thơ
LEADER 01873nam a22002657a 4500
001 NCT_23688
008 171209b xxu||||| |||| 00| 0 vie d
999 |c 1122  |d 1122 
020 |c 92000 
082 0 4 |2 23rd ed.  |a 628.14  |b Th455 
100 1 |a Nguyễn Thống 
245 1 0 |a Cấp thoát nước  |c Nguyễn Thống 
250 |a Tái bản có sửa chữa bổ sung 
260 |a H.  |b Xây dựng  |c 2014 
300 |a 325 tr.  |b hình vẽ, bảng  |c 24cm 
500 |a ĐTTS ghi: Trường đại học Mở Tp. Hồ Chí Minh. Khoa Xây dựng - Kiến trúc 
520 3 |a Trình bày những kiến thức về cấp thoát nước gồm: Nhu cầu dùng nước và nguồn nước, công trình thu nước, thiết bị và công trình phổ biến trong hệ thống cấp nước, hệ thống cấp nước cho khu vực, hệ thống thoát nước, xử lý nước... với những bài tập có kèm lời giải 
653 |a Quản lý tài nguyên & Môi trường 
655 |a Kỹ thuật môi trường 
942 |2 ddc  |c BK 
952 |0 0  |1 0  |2 ddc  |4 0  |6 628_140000000000000_TH455  |7 0  |9 5642  |a 000001  |b 000001  |d 2017-12-09  |o 628.14 Th455  |p MD.04313  |r 2017-12-09  |v 92000.00  |w 2017-12-09  |y BK 
952 |0 0  |1 0  |2 ddc  |4 0  |6 628_140000000000000_TH455  |7 0  |9 5643  |a 000001  |b 000001  |d 2017-12-09  |o 628.14 Th455  |p MD.04314  |r 2017-12-09  |v 92000.00  |w 2017-12-09  |y BK 
952 |0 0  |1 0  |2 ddc  |4 0  |6 628_140000000000000_TH455  |7 0  |9 5644  |a 000001  |b 000001  |d 2017-12-09  |l 1  |o 628.14 Th455  |p MD.04315  |r 2018-03-15  |s 2018-03-01  |v 92000.00  |w 2017-12-09  |y BK 
952 |0 0  |1 0  |2 ddc  |4 0  |6 628_140000000000000_TH455  |7 0  |9 5645  |a 000001  |b 000001  |d 2017-12-09  |o 628.14 Th455  |p MD.04316  |r 2017-12-09  |v 92000.00  |w 2017-12-09  |y BK 
980 |a Thư viện Trường Đại học Nam Cần Thơ